<?xml version="1.0" encoding="UTF-8"?>
<record
    xmlns:xsi="http://www.w3.org/2001/XMLSchema-instance"
    xsi:schemaLocation="http://www.loc.gov/MARC21/slim http://www.loc.gov/standards/marcxml/schema/MARC21slim.xsd"
    xmlns="http://www.loc.gov/MARC21/slim">

  <leader>01035nam a22002417a 4500</leader>
  <controlfield tag="003">NALT</controlfield>
  <controlfield tag="005">20220803123544.0</controlfield>
  <controlfield tag="008">      s2515    th                  tha d</controlfield>
  <datafield tag="040" ind1=" " ind2=" ">
    <subfield code="a">NALT</subfield>
  </datafield>
  <datafield tag="041" ind1=" " ind2=" ">
    <subfield code="a">tha</subfield>
  </datafield>
  <datafield tag="050" ind1=" " ind2=" ">
    <subfield code="a">BQ 5335 </subfield>
    <subfield code="b">&#xE1A;151&#xE01; 2515</subfield>
  </datafield>
  <datafield tag="100" ind1="0" ind2=" ">
    <subfield code="a">&#xE1A;&#xE23;&#xE23;&#xE08;&#xE1A;&#xE1E;&#xE31;&#xE19;&#xE18;&#xE38;&#xE4C; &#xE19;&#xE27;&#xE23;&#xE31;&#xE15;&#xE19; &#xE13; &#xE2D;&#xE22;&#xE38;&#xE18;&#xE22;&#xE32;, </subfield>
    <subfield code="9">58678</subfield>
    <subfield code="c">&#xE04;&#xE38;&#xE13;&#xE2B;&#xE0D;&#xE34;&#xE07;</subfield>
  </datafield>
  <datafield tag="245" ind1="1" ind2="0">
    <subfield code="a">&#xE01;&#xE32;&#xE23;&#xE1A;&#xE23;&#xE34;&#xE2B;&#xE32;&#xE23;&#xE17;&#xE32;&#xE07;&#xE08;&#xE34;&#xE15; &#xE2A;&#xE33;&#xE2B;&#xE23;&#xE31;&#xE1A;&#xE40;&#xE14;&#xE47;&#xE01;&#xE40;&#xE25;&#xE47;&#xE01; /</subfield>
    <subfield code="c">&#xE04;&#xE38;&#xE13;&#xE2B;&#xE0D;&#xE34;&#xE07;&#xE1A;&#xE23;&#xE23;&#xE08;&#xE1A;&#xE1E;&#xE31;&#xE19;&#xE18;&#xE38;&#xE4C; &#xE19;&#xE27;&#xE23;&#xE31;&#xE15;&#xE19; &#xE13; &#xE2D;&#xE22;&#xE38;&#xE18;&#xE22;&#xE32;.</subfield>
  </datafield>
  <datafield tag="260" ind1=" " ind2=" ">
    <subfield code="a">&#xE01;&#xE23;&#xE38;&#xE07;&#xE40;&#xE17;&#xE1E;&#xE2F; : </subfield>
    <subfield code="b">&#xE1E;&#xE23;&#xE30;&#xE15;&#xE33;&#xE2B;&#xE19;&#xE31;&#xE01;&#xE08;&#xE34;&#xE15;&#xE23;&#xE25;&#xE14;&#xE32;&#xE23;&#xE42;&#xE2B;&#xE10;&#xE32;&#xE19;, </subfield>
    <subfield code="c">2515.</subfield>
  </datafield>
  <datafield tag="300" ind1=" " ind2=" ">
    <subfield code="a">121 &#xE2B;&#xE19;&#xE49;&#xE32; ;</subfield>
    <subfield code="b"> </subfield>
    <subfield code="c">26 &#xE0B;&#xE21;.</subfield>
  </datafield>
  <datafield tag="650" ind1=" " ind2="4">
    <subfield code="a">&#xE18;&#xE23;&#xE23;&#xE21;&#xE30;&#xE01;&#xE31;&#xE1A;&#xE40;&#xE14;&#xE47;&#xE01;</subfield>
    <subfield code="9">58679</subfield>
  </datafield>
  <datafield tag="650" ind1=" " ind2="4">
    <subfield code="a">&#xE1E;&#xE38;&#xE17;&#xE18;&#xE28;&#xE32;&#xE2A;&#xE19;&#xE32;</subfield>
    <subfield code="9">30718</subfield>
    <subfield code="x">&#xE1B;&#xE23;&#xE30;&#xE27;&#xE31;&#xE15;&#xE34; </subfield>
  </datafield>
  <datafield tag="650" ind1=" " ind2="4">
    <subfield code="a">&#xE21;&#xE07;&#xE04;&#xE25;&#xE2A;&#xE39;&#xE15;&#xE23;</subfield>
    <subfield code="9">22283</subfield>
  </datafield>
  <datafield tag="650" ind1=" " ind2=" ">
    <subfield code="a">&#xE21;&#xE23;&#xE23;&#xE04; 8</subfield>
    <subfield code="9">57441</subfield>
  </datafield>
  <datafield tag="850" ind1=" " ind2=" ">
    <subfield code="a">NALT</subfield>
  </datafield>
  <datafield tag="942" ind1=" " ind2=" ">
    <subfield code="c">GB</subfield>
    <subfield code="2">lcc</subfield>
  </datafield>
  <datafield tag="998" ind1=" " ind2=" ">
    <subfield code="b">Narumon Suwan</subfield>
    <subfield code="b">phon</subfield>
    <subfield code="j">104</subfield>
    <subfield code="k"> &#xE19;&#xE32;&#xE07;&#xE2A;&#xE32;&#xE27;&#xE2A;&#xE32;&#xE22;&#xE1D;&#xE19;  &#xE14;&#xE35;&#xE07;&#xE32;&#xE21;</subfield>
  </datafield>
  <datafield tag="999" ind1=" " ind2=" ">
    <subfield code="c">209</subfield>
    <subfield code="d">209</subfield>
  </datafield>
  <datafield tag="952" ind1=" " ind2=" ">
    <subfield code="0">0</subfield>
    <subfield code="1">0</subfield>
    <subfield code="2">lcc</subfield>
    <subfield code="4">0</subfield>
    <subfield code="7">0</subfield>
    <subfield code="8">CGBL</subfield>
    <subfield code="a">NALT</subfield>
    <subfield code="b">NALT</subfield>
    <subfield code="c">GEN</subfield>
    <subfield code="d">2022-08-03</subfield>
    <subfield code="o">BQ 5335 &#xE1A;151&#xE01; 2515</subfield>
    <subfield code="p">3961100552</subfield>
    <subfield code="r">2017-06-09 00:00:00</subfield>
    <subfield code="w">2017-06-09</subfield>
    <subfield code="y">GB</subfield>
  </datafield>
</record>
